Breath of the Wild Shields by Guard - Statistics

General Stats
  • This quiz has been taken 22 times
  • The average score is 10 of 22
Answer Stats
Guard Answer % Correct
1 Pot Lid
92%
3 Boko Shield | Emblazoned Shield | Fisherman's Shield | Hunter's Shield | Rusty Shield
75%
70 Ancient Shield | Royal Guard's Shield
67%
90 Hylian Shield
58%
2 Wooden Shield
58%
40 Knight's Shield
50%
15 Lizal Shield
50%
55 Royal Shield
50%
62 Savage Lynel Shield
50%
16 Shield of the Mind's Eye | Soldier's Shield
50%
10 Spiked Boko Shield
50%
25 Dragonbone Boko Shield
42%
30 Forest Dweller's Shield | Guardian Shield+ | Lynel Shield
42%
35 Radiant Shield | Steel Lizal Shield
42%
4 Traveler's Shield
42%
48 Daybreaker
33%
42 Guardian Shield++
33%
18 Guardian Shield | Silver Shield
33%
22 Reinforced Lizal Shield
33%
20 Gerudo Shield
25%
44 Mighty Lynel Shield
25%
14 Kite Shield
17%
No matching quizzes found
Score Distribution
Percent of People with Each Score
Percentile by Number Answered
Your Score History
You have not taken this quiz